000 00588cam a2200181 i 4500
001 22315313
005 20250428152150.0
008 211118s2021 nhu 000 0 eng
020 _a9781644136041
_q(paperback)
041 1 _aeng
_hita
050 0 0 _aBT982
_b.F3513 2021
100 1 _aFanzaga, Livio,
_d1940-,
_eauthor.
245 1 4 _aThe deceiver :
_bour daily struggle with Satan /
_cRev. Livio Fanzaga ; translated by W.F.E. Mahoney, M.A., S.T.L.
300 _aix, 272 pages ;
_c22 cm
650 0 _aDevil
_xChristianity.
700 1 _aMahoney, W. F. E.,
_etranslator.
942 _2lcc
_cBK
_n0
999 _c5575
_d5575